| 000 | 00565nam a22001817a 4500 | ||
|---|---|---|---|
| 005 | 20251128114609.0 | ||
| 008 | 251125b |||||||| |||| 00| 0 eng d | ||
| 020 | _a978-93-48565-85-3 | ||
| 041 | _aeng | ||
| 082 | _a615.9 MIS-T | ||
| 100 |
_aMISHRA, DR. RAVINESH & sharma, Dr. Bhartendu and Sharma, Priya. _98816 |
||
| 245 | _aTEXTBOOK OF REGULATORY AFFAIRS FOR THE STUDENTS OF M. PHARM [1ST SEMESTER] | ||
| 250 | _a1ST ED. 2025 | ||
| 260 |
_aNEW DELHI _bINNOVATIVE PUBLICATION PVT LTD _c2025 |
||
| 300 | _a137;P | ||
| 650 |
_aPHARMACY _xB.PHARMA |
||
| 942 | _cBK | ||
| 999 |
_c8999 _d8997 |
||